Cómo evaluar el arte: evaluación en la enseñanza de las Artes Visuales a nivel escolar: práctica, mitos y teorías
Saved in:
| Hovedforfatter: | |
|---|---|
| Format: | Bog |
| Sprog: | spansk |
| Udgivet: |
Santiago
Fontaine
2002
|
| Fag: | |
| Tags: |
Tilføj Tag
Ingen Tags, Vær først til at tagge denne postø!
|
MARC
| LEADER | 00000nam a2200000 a 4500 | ||
|---|---|---|---|
| 001 | UCL1619 | ||
| 003 | CL-VaPUC | ||
| 008 | 030911e20020000CL |||||||||||||||||spa|d | ||
| 020 | |a 956292033X | ||
| 082 | 0 | 4 | |a 372.5 |b ERR |2 21 |
| 100 | 0 | |a Errázuriz L., Luis Hernán |e author |9 478490 | |
| 245 | 1 | 0 | |a Cómo evaluar el arte: evaluación en la enseñanza de las Artes Visuales a nivel escolar: práctica, mitos y teorías |
| 300 | |a 239 p | ||
| 942 | |c BK | ||
| 945 | |d 20030911 00:00:00 |a cmena | ||
| 260 | |a Santiago |b Fontaine |c 2002 | ||
| 650 | 0 | |a Educación artística |9 269035 | |
| 650 | 0 | |a Artes plásticas |9 268637 | |
| 650 | 0 | |a Educación básica |9 224933 | |
| 650 | 0 | |a Métodos de enseñanza |9 270413 | |
| 650 | 7 | |a EVALUACION CRITICA |2 CL-VaPUC |9 474210 | |
| 583 | |a last modification |c 20160907 02:34:44 |k Rodrigo Vera | ||
| 999 | |c 305114 |d 305112 | ||
| 952 | |0 0 |1 0 |4 0 |6 372_500000000000000_ERR_2002 |7 0 |8 A |9 368093 |a BIBEDU |b BIBEDU |d 2019-11-21 |i 3937011 |o 372.5 ERR 2002 |p 3937011 |r 2019-11-21 |w 2019-11-21 |y BK |k EPE | ||
| 952 | |0 0 |1 0 |4 0 |6 372_500000000000000_ERR_2002 |7 0 |8 A |9 368094 |a BIBEDU |b BIBEDU |d 2019-11-21 |i 4511204 |o 372.5 ERR 2002 |p 4511204 |r 2019-11-21 |w 2019-11-21 |y BK |k EBA | ||